000
00237nam a22000857a 4500
008
161130b xxu||||| |||| 00| 0 eng d
100
_9
1604
_a
Bhaskaran, M.P
245
_a
Reader- Teacher's Edition Ist
260
_a
New Delhi
_b
Orient Longman
_c
2006
999
_c
4319
_d
4319